Catholic University of Zimbabwe Library
Online Public Access Catalogue
(OPAC)

Tales of darkness and light (Record no. 29222)

MARC details
000 -LEADER
fixed length control field 03739nam a2200565 i 4500
001 - CONTROL NUMBER
control field xb25339424
006 - FIXED-LENGTH DATA ELEMENTS--ADDITIONAL MATERIAL CHARACTERISTICS
fixed length control field m d
007 - PHYSICAL DESCRIPTION FIXED FIELD--GENERAL INFORMATION
fixed length control field cr n
008 - FIXED-LENGTH DATA ELEMENTS--GENERAL INFORMATION
fixed length control field 180503t20182018enka sb 000 0 eng d
020 ## - INTERNATIONAL STANDARD BOOK NUMBER
International Standard Book Number 9781783744701 (pdf)
020 ## - INTERNATIONAL STANDARD BOOK NUMBER
International Standard Book Number 9781783744718 (epub)
020 ## - INTERNATIONAL STANDARD BOOK NUMBER
International Standard Book Number 9781783744725 (mobi)
020 ## - INTERNATIONAL STANDARD BOOK NUMBER
Canceled/invalid ISBN 9781783744688 (pbk.)
020 ## - INTERNATIONAL STANDARD BOOK NUMBER
Canceled/invalid ISBN 9781783744695 (hbk.)
020 ## - INTERNATIONAL STANDARD BOOK NUMBER
Canceled/invalid ISBN 9781783745050 (XML)
022 ## - INTERNATIONAL STANDARD SERIAL NUMBER
International Standard Serial Number 2054-362X (Online)
022 ## - INTERNATIONAL STANDARD SERIAL NUMBER
Canceled ISSN 2050-7933 (Print)
040 ## - CATALOGING SOURCE
Original cataloging agency StSaUL
Language of cataloging eng
Description conventions rda
041 1# - LANGUAGE CODE
Language code of text/sound track or separate title eng
Language code of original kha
100 1# - MAIN ENTRY--PERSONAL NAME
Personal name Tham, Soso,
Dates associated with a name 1873-1940,
Relator term author.
245 00 - TITLE STATEMENT
Title Tales of darkness and light
Medium [electronic resource] :
Remainder of title Soso Tham's The old days of the Khasis /
Statement of responsibility, etc. translated by Janet Hujon.
246 3# - VARYING FORM OF TITLE
Title proper/short title Old days of the Khasis
246 3# - VARYING FORM OF TITLE
Title proper/short title Soso Tham's The old days of the Khasis
264 #1 - PRODUCTION, PUBLICATION, DISTRIBUTION, MANUFACTURE, AND COPYRIGHT NOTICE
Name of producer, publisher, distributor, manufacturer Open Book Publishers,
300 ## - PHYSICAL DESCRIPTION
Extent 1 online resource (100 pages) :
Other physical details 3 colour illustrations.
490 1# - SERIES STATEMENT
Series statement World oral literature series
International Standard Serial Number 2054-362X ;
Volume/sequential designation volume 9
500 ## - GENERAL NOTE
General note Available through Open Book Publishers.
500 ## - GENERAL NOTE
General note With 10 embedded audio tracks.
504 ## - BIBLIOGRAPHY, ETC. NOTE
Bibliography, etc. note Includes bibliography (unnumbered page 85).
505 0# - FORMATTED CONTENTS NOTE
Formatted contents note Preface / Mark Turin -- Acknowledgements -- 1. Introduction -- 2. A Short Biographical Note -- 3. Khasi Folktales About Darkness and Light -- 4. Ki Symboh Ksiar (Grains of Gold) -- 5. Ka Persyntiew (The Flower Garden) -- 6. Pyrthei Mariang (The Natural World) -- 7. U Lyoh (The Cloud) -- 8. U Rngiew (The Dark One) -- 9. U Simpyllieng (The Rainbow) -- 10. Ka Ïing I Mei (Home) -- 11. Ka Meirilung (Gentle Motherland) -- 12. Lum Lamare (Lamare Peak) -- 13. Ka Aïom Ksiar (Season of Gold) -- Bibliography.
506 ## - RESTRICTIONS ON ACCESS NOTE
Terms governing access Open access resource providing free access.
520 ## - SUMMARY, ETC.
Summary, etc. "Soso Tham (1873-1940), the acknowledged poet laureate of the Khasis of northeastern India, was one of the first writers to give written poetic form to the rich oral tradition of his people. Poet of landscape, myth and memory, Soso Tham paid rich and poignant tribute to his tribe in his masterpiece The Old Days of the Khasis. Janet Hujon's vibrant new translation presents the English reader with Tham's long poem, which keeps a rich cultural tradition of the Khasi people alive through its retelling of old narratives and acts as a cultural signpost for their literary identity. This book is essential reading for anyone with an interest in Indian literature and culture and in the interplay between oral traditions and written literary forms. This edition includes: English translation ; Critical apparatus ; Embedded audio recordings of the original poem."--Publisher's website.
538 ## - SYSTEM DETAILS NOTE
System details note Mode of access: World Wide Web.
540 ## - TERMS GOVERNING USE AND REPRODUCTION NOTE
Terms governing use and reproduction This work is licensed under a Creative Commons Attribution 4.0 International license (CC BY 4.0). For more detailed information consult the publisher's website.
546 ## - LANGUAGE NOTE
Language note Texts of poems translated from the Khasi.
600 10 - SUBJECT ADDED ENTRY--PERSONAL NAME
Personal name Tham, Soso,
Dates associated with a name 1873-1940
General subdivision Criticism and interpretation.
650 #0 - SUBJECT ADDED ENTRY--TOPICAL TERM
Topical term or geographic name entry element Khasi (Indic people) in literature.
650 #0 - SUBJECT ADDED ENTRY--TOPICAL TERM
Topical term or geographic name entry element Khasi (Indic people)
General subdivision Folklore
-- Poetry.
650 #0 - SUBJECT ADDED ENTRY--TOPICAL TERM
Topical term or geographic name entry element Khasi (Indic people)
Geographic subdivision India
-- Meghalaya
General subdivision Social life and customs.
650 #0 - SUBJECT ADDED ENTRY--TOPICAL TERM
Topical term or geographic name entry element Khasi poetry
Form subdivision Translations into English.
700 1# - ADDED ENTRY--PERSONAL NAME
Personal name Hujon, Janet,
Relator term translator.
710 2# - ADDED ENTRY--CORPORATE NAME
Corporate name or jurisdiction name as entry element Open Book Publishers,
Relator term publisher.
830 #0 - SERIES ADDED ENTRY--UNIFORM TITLE
Uniform title World oral literature series ;
Volume/sequential designation v. 9.
International Standard Serial Number 2054-362X
856 40 - ELECTRONIC LOCATION AND ACCESS
Uniform Resource Identifier <a href="http://doi.org/10.11647/OBP.0137">http://doi.org/10.11647/OBP.0137</a>
Public note Connect to e-book
856 42 - ELECTRONIC LOCATION AND ACCESS
Uniform Resource Identifier <a href="http://www.openbookpublishers.com/shopimages/products/cover/746">http://www.openbookpublishers.com/shopimages/products/cover/746</a>
Public note Connect to cover image
Holdings
Withdrawn status Lost status Source of classification or shelving scheme Damaged status Not for loan Home library Current library Shelving location Date acquired Total Checkouts Date last seen Uniform Resource Identifier Price effective from Koha item type
          Digital Library Digital Library Online Access 15.02.2021   15.02.2021 http://doi.org/10.11647/OBP.0137 15.02.2021 eBook

OPENING HOURS

Weekdays: 0815hrs - 1800hrs
Weekends:0900hrs - 1200hrs

Closed for Mass:

Mon, Thur: 1200hrs - 1300hrs
Sunday & Public Holiday’s

CALL SUPPORT

0242-570570, 0242-570169
09200664, +263 8644140602

LOCATION

18443, Cranborne Avenue, Hatfield, Harare

Other Links


©2021 | CUZ Library